Programming with GNU software

Αποθηκεύτηκε σε:
Λεπτομέρειες βιβλιογραφικής εγγραφής
Κύριος συγγραφέας: Loukides, Michael Kosta
Άλλοι συγγραφείς: Oram, Andrew
Μορφή: Βιβλίο
Γλώσσα:English
Δημοσίευση: Sebastopol, CA : O'Reilly & Associates, c1997
Σειρά:Nutshell handbook
Θέματα:
Ετικέτες: Προσθήκη ετικέτας
Δεν υπάρχουν, Καταχωρήστε ετικέτα πρώτοι!

MARC

LEADER 00000nam a2200000 i 4500
001 1/96053
008 991213s1997 eng d
020 |a 1-56592-112-7 
035 |l 10055585 
040 |a GR-MY-UA  |b gre  |e aacr 
041 0 |a eng 
082 0 |a 005.4469 
100 1 |a Loukides, Michael Kosta. 
245 1 0 |a Programming with GNU software /  |c Mike Loukides and Andy Oram 
260 |a Sebastopol, CA :   |b O'Reilly & Associates,   |c c1997 
300 |a xiv, 244 p.;  |b ill.;  |c 24 cm.+  |e 1 computer laser optical disk (4 3/4 in.) 
490 1 |a Nutshell handbook 
504 |a Includes index 
650 0 0 |a C# (Computer program language) 
650 0 0 |a Operating systems (Computers) 
700 1 |a Oram, Andrew. 
830 0 |a Nutshell handbook 
852 |a INST  |b SAMOS  |e 19991213  |h 005.4469 LOU  |p 005300016365  |q 005300016365  |t BK  |y 0 
852 |a INST  |b SAMOS  |e 20000521  |h 005.4469 LOU   |p 005300018103  |q 005300018103  |t BK  |y 0 
901 |a BIBL3-2000-2 
909 |a Σ  |b 071031 
909 |a Σ  |b 071032 
922 |a 3ΕΛΗ  |b 199911  |c ΤΠΕΣ  |d ΠΑΠΑΣΩΤΗΡΙΟΥ 
970 |z 2000/05/ΜΠΡΑΤΤΗΣ